000 01056nam a2200241 a 4500
001 53513
003 BD-RjUL
005 20211209075956.0
008 170615r19671961bg ||||| |||| 00| 0 ben d
035 _a(BD-RjUL)53634
040 _aBD-RjUL
_bben
_cBD-RjUL
_dBD-RjUL
041 _aben
082 _223
_a891.44109
_bISK 1961
100 _aইসলাম, মযহারুল
_9126598
245 1 0 _aকবি হেয়াত মামুদ /
_cমযহারুল ইসলাম
250 _a১ম সং.
260 _aরাজশাহী :
_bবাংলা বিভাগ, রাজশাহী বিশ্ববিদ্যালয়,
_c১৯৬১ [বাঁধাই ১৯৬৭]
300 _aবিভিন্ন পৃ. :
_bচিত্র ;
_c২৪ সেমি.
600 _aমামুদ, হেয়াত
_xজীবনী
_9218941
650 _aবাংলা কবিতা
_xইতিহাস ও সমালোচনা
_9218942
650 _aBengali Poetry
_xHistory and Criticism
_9218943
942 _2ddc
_cBK
999 _c53513
_d53513